TV Shows By Cast Quiz Stats

 Plays Quiz not verified by Sporcle

Also try: TV Show by Poster
Challenge
Share
Tweet
Embed
Score 0/20 Timer 09:00
0 Plays Today
Main Characters tv show title % Correct
Hugh Laurie, Lisa Edelstein, Omar EppsHouse
90.2%
Bob Saget, John Stamos, Ashley OlsenFull House
81.1%
Sarah Michelle Gellar, Alyson Hannigan, David Boreanaz Buffy the Vampire Slayer
80.3%
Lauren Graham, Alexis Bledel, Keiko AgenaGilmore Girls
80.3%
Chris Colfer, Lea Michele, Jane LynchGlee
79.5%
Charlie Sheen, Jon Cryer, Angus T. JonesTwo and a Half Men
79.5%
Nina Dobrev, Paul Wesley, Ian SomerhalderVampire Diaries
75%
Jennifer Love Hewitt, David Conrad, Camryn ManheimGhost Whisperer
71.2%
Blake Lively, Leighton Meester, Penn BadgleyGossip Girl
68.9%
Kristen Bell, Jason Dohring, Percy Daggs IIIVeronica Mars
68.2%
Main Characters tv show title % Correct
Alex O'Loughlin, Scott Caan, Daniel Dae KimHawaii Five-O
67.4%
Zachary Levi, Adam Baldwin, Yvonne StrahovskiChuck
56.8%
Shemar Moore, Matthew Gray Gubler, Thomas GibsonCriminal Minds
51.5%
Lucy Hale, Ashley Benson, Troian BellisarioPretty Little Liars
51.5%
Jennie Garth, Wesley Jonathan, Amanda BynesWhat I Like About You
43.2%
Shenae Grimes, Ryan Eggold, Jessica Stroup90210
41.7%
Michalka, Ashley Tisdale, Heather HemmensHellcats
37.1%
Jason Clarke, Jennifer Beals, Matt LauriaChicago Code
26.5%
Bonnie Bedelia, Brian Kerwin, John M. JacksonSwitched at Birth
14.4%
Skyler Samuels, Benjamin Stone, Grey DamonThe 9 Lives of Chloe King
5.3%

You're not logged in!

Compare scores with friends on all Sporcle quizzes.
Join for Free
OR
Log In

You Might Also Like...

Show Comments

Extras

Top Quizzes Today


Score Distribution

Your Account Isn't Verified!

In order to create a playlist on Sporcle, you need to verify the email address you used during registration. Go to your Sporcle Settings to finish the process.

Report this User

Report this user for behavior that violates our Community Guidelines.

Details: